| 000 | 00538 a2200169 4500 | ||
|---|---|---|---|
| 005 | 20250630082103.0 | ||
| 020 | _a978-0-07-293589-9 | ||
| 082 | _a658.8 PER | ||
| 100 | _aPERREAULT, W. D. | ||
| 245 | _aEssentials of Marketing : A Global Managerial Approach. | ||
| 250 | _a10th Ed. | ||
| 260 |
_aNew York, _bMcgraw- Hill Irwin, _c2006. |
||
| 300 |
_axl, 655p.: Ill.; figures & picture _bGlossary & Index _c26cm. |
||
| 700 | _a JEROME, E. | ||
| 856 |
_yAccess Online Book _fEssentials of Marketing _dwww.mhhe.com/fourps |
||
| 942 |
_2ddc _cBKS |
||
| 999 |
_c2675 _d2675 |
||